000 00482nam a22001337a 4500
008 230718b |||||||| |||| 00| 0 eng d
040 _aNational Science Library
_cNational Science Library
100 1 _aWest, W D
_912733
245 _aTransactions of the National Institute of Science of India
260 _aNew Delhi:
_bNational Institute of Sciences of India,
300 _a56p.
500 _aVol. IV, No. 1 pp. 1-56 (one map and three plates) Issued 1-9-58
942 _2udc
_cREF
999 _c53104
_d53104